Sports Quiz

Random Sports or Baseball Quiz

Highest-Paid Players in Baseball Quiz Stats

 Plays Quiz Updated Apr 24, 2015

Challenge
Share
Tweet
Embed
Score 0/29 Timer 04:00
1 Play Today
Date Player % Correct
12/10/00Alex Rodriguez
97.3%
12/13/07Alex Rodriguez
97.3%
1/15/14Clayton Kershaw
79.6%
12/6/92Barry Bonds
79.2%
4/20/97Barry Bonds
79.2%
2/8/91Roger Clemens
71.1%
8/11/00Roger Clemens
71.1%
1/31/96Ken Griffey Jr.
70.5%
8/10/97Greg Maddux
60.2%
6/28/90Jose Canseco
57.1%
11/19/79Nolan Ryan
55.5%
11/22/89Kirby Puckett
51.3%
12/10/97Pedro Martinez
50.5%
10/26/98Mike Piazza
49.6%
10/20/00Carlos Delgado
46.7%
Date Player % Correct
3/2/92Ryne Sandberg
43.4%
11/28/89Rickey Henderson
42.6%
4/9/90Don Mattingly
39.7%
11/17/89Bret Saberhagen
34.5%
11/25/98Mo Vaughn
33.5%
9/4/85Eddie Murray
33.5%
1/26/81Dave Winfield
32.9%
12/12/98Kevin Brown
31.5%
1/17/90Dave Stewart
29.4%
11/19/96Albert Belle
29%
1/22/90Will Clark
28.2%
12/2/91Bobby Bonilla
23.9%
12/11/89Mark Davis
11.1%
12/1/89Mark Langston
9.2%

You're not logged in!

Compare scores with friends on all Sporcle quizzes.
OR
Log In

You Might Also Like...

Show Comments

Extras

Top Quizzes Today


Score Distribution

Your Account Isn't Verified!

In order to create a playlist on Sporcle, you need to verify the email address you used during registration. Go to your Sporcle Settings to finish the process.

Report this User

Report this user for behavior that violates our Community Guidelines.

Details: